Index of Production (Record no. 116935)
[ view plain ]
| 000 -LEADER | |
|---|---|
| fixed length control field | 01225cam a2200229 4500 |
| 001 - CONTROL NUMBER | |
| control field | WB4002-07 |
| 008 - FIXED-LENGTH DATA ELEMENTS--GENERAL INFORMATION | |
| fixed length control field | 040114n2004 000 0 eng u |
| 035 ## - SYSTEM CONTROL NUMBER | |
| System control number | (Sirsi) u124842 |
| 245 ## - TITLE STATEMENT | |
| Title | Index of Production |
| 260 ## - PUBLICATION, DISTRIBUTION, ETC. | |
| Date of publication, distribution, etc. | 2004 |
| 490 ## - SERIES STATEMENT | |
| Series statement | National Statistics Press Release |
| Volume/sequential designation | 13 January 2004 (7) |
| 520 ## - SUMMARY, ETC. | |
| Summary, etc. | The seasonally adjusted chained volume index for the three months to November showed that output of the production industries was 0.3% lower than in the previous three months. Output of the manufacturing industries fell by 0.7% between October and November and there were significant falls in output of 2.5% in the electrical and optical equipment industries. Manufacturing output in the latest three months rose by 0.1% compared with the previous three months with significant rises in output of 1.8% in the transport equipment industries and 1.8% in the chemicals industries. For the press release: http://www.statistics.gov.uk/pdfdir/iop0104.pdf |
| 590 ## - LOCAL NOTE (RLIN) | |
| Local note | WB |
| 590 ## - LOCAL NOTE (RLIN) | |
| Local note | WB |
| 650 ## - SUBJECT ADDED ENTRY--TOPICAL TERM | |
| Topical term or geographic name entry element | PRODUCTION SECTOR |
| 650 ## - SUBJECT ADDED ENTRY--TOPICAL TERM | |
| Topical term or geographic name entry element | MANUFACTURING INDUSTRY |
| 650 ## - SUBJECT ADDED ENTRY--TOPICAL TERM | |
| Topical term or geographic name entry element | MANUFACTURING OUTPUT |
| 650 ## - SUBJECT ADDED ENTRY--TOPICAL TERM | |
| Topical term or geographic name entry element | ELECTRICAL EQUIPMENT |
| 650 ## - SUBJECT ADDED ENTRY--TOPICAL TERM | |
| Topical term or geographic name entry element | MINING INDUSTRY |
| 690 ## - LOCAL SUBJECT ADDED ENTRY--TOPICAL TERM (OCLC, RLIN) | |
| Topical term or geographic name as entry element | ECONOMIC ISSUES |
| 942 ## - ADDED ENTRY ELEMENTS (KOHA) | |
| Suppress in OPAC | 0 |
| Withdrawn status | Lost status | Source of classification or shelving scheme | Damaged status | Not for loan | Home library | Current library | Shelving location | Date acquired | Total Checkouts | Full call number | Barcode | Date last seen | Copy number | Price effective from | Koha item type |
|---|---|---|---|---|---|---|---|---|---|---|---|---|---|---|---|
| Dewey Decimal Classification | London | London | News article | 14/01/2004 | WB4002-07 | 124842-1001 | 06/08/2019 | 1 | 06/08/2019 | News article |